| 000 | 00879nam a2200217Ii 4500 | ||
|---|---|---|---|
| 003 | JO-AjNU | ||
| 008 | 230605s9999||||xx |||||||||||||| ||und|| | ||
| 017 | _a1986/1250 | ||
| 040 |
_aJO-AjNU _bara _erda _cJO-AjNU |
||
| 041 | _aara | ||
| 050 | 1 | 4 | _aDS76.A62 1986 |
| 100 | 3 |
_aالعاني، نوري عبد الحميد, _eauthor _913258 |
|
| 245 | 0 | 0 | _aالعراق في العهد الجلائري 738-814هجري/1337-1411م: دراسة في أوضاعه الادارية والاقتصادية |
| 250 | _aط1 | ||
| 264 | 3 | 1 | _aبغداد: دار الشئون الثقافية العامة، 1986 |
| 300 | _a398ص | ||
| 336 |
_atext _btxt _2rdacontent |
||
| 337 |
_aunmediated _bn _2rdamedia |
||
| 338 |
_avolume _bnc _2rdacarrier |
||
| 650 | 4 |
_aالعراق- العهد الجلائري- ااوضاع ادارية واقتصادية- تاريخ- 738-814ه/1337-1411م _913259 |
|
| 999 |
_aA3254 _c6822 _d6822 |
||